000 01118pam a22002894a 4500
001 14803517
005 20241104130420.0
008 070410s2007 nyu 001 0 eng c
020 _a9780071472418
020 _a007147241X
050 0 0 _aRT89
_b.M4364 2007
082 0 0 _a362.17/3068
_222
100 1 _aMcEachen, Irene.
245 1 0 _aNurse management demystified /
_cIrene McEachen, Jim Keogh.
260 _aNew York :
_bMcGraw-Hill,
_cc2007.
300 _axii, 252 p. ;
_c24 cm.
500 _aIncludes index.
650 0 _aNurse administrators.
650 0 _aNursing services
_xAdministration.
650 1 2 _aNursing, Supervisory
_xorganization & administration.
650 2 2 _aNursing Care
_xorganization & administration.
700 1 _aKeogh, James Edward,
_d1948-
856 4 1 _3Table of contents only
_uhttp://www.loc.gov/catdir/enhancements/fy0713/2007273137-t.html
856 4 2 _3Publisher description
_uhttp://www.loc.gov/catdir/enhancements/fy0713/2007273137-d.html
856 4 2 _3Contributor biographical information
_uhttp://www.loc.gov/catdir/enhancements/fy0713/2007273137-b.html
942 _2lcc
_cBK
_n0
999 _c581
_d581